<?xml version="1.0" encoding="UTF-8"?>
<record
    xmlns:xsi="http://www.w3.org/2001/XMLSchema-instance"
    xsi:schemaLocation="http://www.loc.gov/MARC21/slim http://www.loc.gov/standards/marcxml/schema/MARC21slim.xsd"
    xmlns="http://www.loc.gov/MARC21/slim">

  <leader>00958nam a2200241 a 4500</leader>
  <controlfield tag="008">951213s1977||||CS               0  slo c</controlfield>
  <datafield tag="020" ind1=" " ind2=" ">
    <subfield code="c">22 K&#x10D;s. </subfield>
    <subfield code="q">(5000 v&#xFD;tl.)</subfield>
  </datafield>
  <datafield tag="040" ind1=" " ind2=" ">
    <subfield code="a">SNK</subfield>
    <subfield code="b">slo</subfield>
    <subfield code="c">SNK</subfield>
    <subfield code="e">AACR2</subfield>
  </datafield>
  <datafield tag="044" ind1=" " ind2=" ">
    <subfield code="a">xo</subfield>
    <subfield code="c">SK</subfield>
  </datafield>
  <datafield tag="080" ind1=" " ind2=" ">
    <subfield code="a">791.43.073:778.5(024)</subfield>
  </datafield>
  <datafield tag="080" ind1=" " ind2=" ">
    <subfield code="a">778.5(024)</subfield>
  </datafield>
  <datafield tag="100" ind1="1" ind2=" ">
    <subfield code="a">Hofman, Miroslav</subfield>
  </datafield>
  <datafield tag="245" ind1="1" ind2="0">
    <subfield code="a">Technika amat&#xE9;rskeho filmu</subfield>
    <subfield code="c">Miroslav Hofman, Ji&#x159;&#xED; Rentz ; Svetoz&#xE1;r Mydlo</subfield>
  </datafield>
  <datafield tag="250" ind1=" " ind2=" ">
    <subfield code="a">1., vyd.</subfield>
  </datafield>
  <datafield tag="260" ind1=" " ind2=" ">
    <subfield code="a">Bratislava</subfield>
    <subfield code="b">Alfa</subfield>
    <subfield code="c">1977</subfield>
    <subfield code="e">Martin</subfield>
    <subfield code="f">Tla&#x10D;iarne SNP</subfield>
  </datafield>
  <datafield tag="300" ind1=" " ind2=" ">
    <subfield code="a">199 s., 16,17 AH</subfield>
    <subfield code="b">Tb. Fareb a &#x10D;iernobiele fot. Grafy. Sch.</subfield>
    <subfield code="c">21 cm</subfield>
  </datafield>
  <datafield tag="490" ind1="0" ind2=" ">
    <subfield code="a">Kni&#x17E;nica Urob si s&#xE1;m</subfield>
  </datafield>
  <datafield tag="500" ind1=" " ind2=" ">
    <subfield code="a">Lit. 26. Kniha je ur&#x10D;en&#xE1; pre filmov&#xFD;ch amat&#xE9;rov, ZK ROH, ml&#xE1;de&#x17E;n&#xED;cke organiz&#xE1;cie a ako u&#x10D;ebn&#xE1; pom&#xF4;cka pre pr&#xED;sl. &#x161;tud. odbory. 26 z&#xE1;zn. lit. o knih&#xE1;ch a fir. lit. v jaz. &#x10D;es., nem., angl., franc. a japon.</subfield>
  </datafield>
  <datafield tag="700" ind1="1" ind2=" ">
    <subfield code="a">Rentz, Ji&#x159;&#xED;</subfield>
    <subfield code="4">aut</subfield>
  </datafield>
  <datafield tag="700" ind1="1" ind2=" ">
    <subfield code="a">Mydlo, Svetoz&#xE1;r</subfield>
    <subfield code="4">gup</subfield>
  </datafield>
  <datafield tag="041" ind1=" " ind2=" ">
    <subfield code="a">slo</subfield>
  </datafield>
  <datafield tag="958" ind1=" " ind2=" ">
    <subfield code="a">A</subfield>
  </datafield>
  <datafield tag="999" ind1=" " ind2=" ">
    <subfield code="c">14924</subfield>
    <subfield code="d">14924</subfield>
  </datafield>
  <datafield tag="952" ind1=" " ind2=" ">
    <subfield code="0">0</subfield>
    <subfield code="1">0</subfield>
    <subfield code="4">0</subfield>
    <subfield code="7">0</subfield>
    <subfield code="8">K</subfield>
    <subfield code="a">10000</subfield>
    <subfield code="b">10000</subfield>
    <subfield code="d">2019-11-29</subfield>
    <subfield code="g">22.00</subfield>
    <subfield code="i">13965</subfield>
    <subfield code="o">I 0064</subfield>
    <subfield code="r">2019-11-29</subfield>
    <subfield code="w">2019-11-29</subfield>
    <subfield code="y">OLDO</subfield>
  </datafield>
</record>
